Giáo trình nghiệp vụ ngoại thương
Giáo trình nghiên cứu về nghiệp vụ ngoại thương, kiến thức pháp lý, điều kiện thương mại quốc tế trong xuất, phập khẩu.
Kaydedildi:
| Yazar: | |
|---|---|
| Materyal Türü: | Kitap |
| Dil: | Undetermined |
| Baskı/Yayın Bilgisi: |
Cần Thơ
Nxb. Đại Học Cần Thơ
2013
|
| Konular: | |
| Etiketler: |
Etiketle
Etiket eklenmemiş, İlk siz ekleyin!
|
| Thư viện lưu trữ: | Trung tâm Học liệu Trường Đại học Cần Thơ |
|---|
| LEADER | 00923nam a2200217Ia 4500 | ||
|---|---|---|---|
| 001 | CTU_182195 | ||
| 008 | 210402s9999 xx 000 0 und d | ||
| 020 | |c 29000 | ||
| 082 | |a 382.104 | ||
| 082 | |b Nh565 | ||
| 100 | |a Quan, Minh Nhựt | ||
| 245 | 0 | |a Giáo trình nghiệp vụ ngoại thương | |
| 245 | 0 | |c Quan Minh Nhựt, Lê Trần Thiên Ý, Trần Thị Bạch Yến | |
| 260 | |a Cần Thơ | ||
| 260 | |b Nxb. Đại Học Cần Thơ | ||
| 260 | |c 2013 | ||
| 520 | |a Giáo trình nghiên cứu về nghiệp vụ ngoại thương, kiến thức pháp lý, điều kiện thương mại quốc tế trong xuất, phập khẩu. | ||
| 650 | |a Foreign trade promotion,Foreign trade,Xúc tiến ngoại thương | ||
| 650 | |x Employment | ||
| 904 | |i Tuyến, Lê Thị Cẩm Giang | ||
| 980 | |a Trung tâm Học liệu Trường Đại học Cần Thơ | ||